000 00195 a2200097 4500
001 18196
100 _aFranklard
245 _aBomber offensive
260 _a
_bColumbia
_c
090 _c13490
_d13490
942 _aNUST-CAE
_cM
_c3881
999 _c253269
_d253269